000 00852nas a2200265 4500
001 BR0808011
003 BR-BrBNA
005 20231205112755.0
007 ta
008 230509b bl.|||p| |||| 00| 00por d
040 _aBR-BrBNA
_bpor
_cBiblioteca Nacional de Agricultura
041 _a(En)
072 _aL73
100 1 _aMoraes, F.R. de
100 1 _aMoraes, J.E. de
100 1 _aMacores, E.A.
245 1 _aDiabetic rats are hyporeactive to non-steroidal but not to steroidal antiinflamatory drugs: effect on cell migration
650 _aRATO
650 _aDOENÇA ANIMAL
650 _aINFLAMAÇÃO
650 _aDIABETE
773 0 _tBrazilian Journal of Veterinary Research and Animal Science (Brazil)
_xISSN 1413-9596
_g(1995), v. 32(3) p. 149-154
_wBR0808011
909 _a202311
_bLúcia
_c55
_dLúcia Elande
942 _2AGRIS
_n0
_cANA
999 _c199905
_d199905